El contrato social o principios de derecho político

Gespeichert in:
Bibliographische Detailangaben
1. Verfasser: Rousseau, Jean Jacques (autor)
Format: Buch
Sprache:Spanisch
Veröffentlicht: Ciudad de México Nacional 1966
Schlagworte:
Tags: Tag hinzufügen
Keine Tags, Fügen Sie den ersten Tag hinzu!

MARC

LEADER 00000nam a2200000 a 4500
001 UCT6978
003 CL-VaPUC
008 970113e19660000MX |||||||||||||||||spa|d
082 0 4 |a 320.11  |b ROU  |2 21 
100 |a Rousseau, Jean Jacques  |e autor  |9 255697 
245 1 3 |a El contrato social o principios de derecho político 
246 1 0 |a Del discurso sobre las ciencias y las artes 
246 1 0 |a Del discurso sobre el origen de la desigualdad 
300 |a 333 p 
942 |c BK 
945 |d 19970113 00:00:00  |a lriquelm 
260 |a Ciudad de México  |b Nacional  |c 1966 
650 0 |a Sociología política   |9 255920 
650 0 |a Ciencias Políticas  |9 255201 
650 0 |a Doctrinas políticas  |9 255835 
650 0 |a Poder político  |9 255509 
650 7 |a SISTEMAS POLITICOS  |2 CL-VaPUC  |9 377471 
650 0 |a Partidos políticos  |9 254999 
583 |a last modification  |c 19970113 00:00:00  |k Rodrigo Vera 
999 |c 255643  |d 255641 
952 |0 0  |1 0  |4 0  |6 320_110000000000000_ROU_1966  |7 0  |8 A  |9 277992  |a BIBDER  |b BIBDER  |d 2019-11-19  |i 1802496  |o 320.11 ROU 1966  |p 1802496  |r 2023-01-25  |w 2019-11-19  |y BK  |k DER